25 Most Followed Snapchat Accounts - Statistics

General Stats
  • This quiz has been taken 19 times
  • The average score is 4 of 25
Answer Stats
Followers (millions) Snapchat Account % Correct
37 Kylie Jenner
65%
27.2 Kim Kardashian
53%
16.7 Kendall Jenner
47%
16.8 Khloé Kardashian
41%
15 Kourtney Kardashian
41%
13.6 Selena Gomez
24%
13.5 DJ Khaled
18%
3.6 Lady Gaga
18%
13.1 Ariana Grande
12%
8.1 Snoop Dogg
12%
8 Gigi Hadid
6%
10.6 Kevin Hart
6%
4.3 Logan Paul
6%
10.2 Loren Gray
6%
3.7 Nicki Minaj
6%
4.1 Amanda Cerny
0%
6.1 Bella Thorne
0%
3.34 Calvin Harris
0%
3.3 Cara Delevingne
0%
7.41 Demi Lovato
0%
3.4 Ellen DeGeneres
0%
9.77 Justin Beiber
0%
4.7 Neymar Jr
0%
5.35 Shawn Mendes
0%
5.4 Zendaya
0%
No matching quizzes found
Score Distribution
Percent of People with Each Score
Percentile by Number Answered
Your Score History
You have not taken this quiz